000 00895pam a2200265 a 4500
001 3314021
003 NUST-PNEC
005 20170116180713.0
008 840517s1984 nyu d 000 0 eng
010 _a 84012206
020 _a0070454124
_c$32.50 (est.)
040 _cPNEC
050 0 0 _aTA9
_b.M35 1984
082 0 0 _a620.003 PAR
100 _9637
_aParker Sybil P
245 0 0 _aMcGraw-Hill dictionary of engineering /
_cSybil P. Parker, editor in chief.
260 _aNew York :
_bMcGraw-Hill,
_cc1984.
300 _a659 p. ;
_c24 cm.
500 _ahttp://www.amazon.com/McGraw-Hill-Dictionary-Engineering-Sybil-Parker/dp/0070454124/ref=sr_1_1?ie=UTF8&qid=1413438773&sr=8-1&keywords=0070454124
650 0 _aEngineering
_xEL, EE, ME
700 1 _aParker, Sybil P.
710 2 _aMcGraw-Hill Book Company.
906 _a7
_bcbc
_corignew
_d1
_eocip
_f19
_gy-gencatlg
942 _2ddc
_cBK
999 _c61075
_d61075